| 000 | 00987nam a22003137a 4500 | ||
|---|---|---|---|
| 003 | CHAP | ||
| 005 | 20220329140650.0 | ||
| 008 | 971013s1965 r 00010 d | ||
| 010 | _a55648 | ||
| 011 | _a56620 | ||
| 035 | _a60773 | ||
| 040 | _cCHAP | ||
| 090 | _aFolleto 79 | ||
| 100 | 0 | 0 |
_aScoville, Orlin J. _9103421 |
| 245 | _aGranjas familiares | ||
| 260 |
_aMéxico : _bCentro Regional de Ayuda Técnica, _c1965 |
||
| 300 |
_a17 p. _b: ilus. |
||
| 490 |
_aUSDA. Boletín de Agricultura _v; 2178 |
||
| 590 |
_aBATCH-UPD _b10 _c20130110 _lUCH01 _h0537 |
||
| 590 |
_aBATCH-UPD _b10 _c20130410 _lUCH01 _h0218 |
||
| 590 |
_aBATCH-UPD _b10 _c20130914 _lUCH01 _h1304 |
||
| 590 |
_aCONVERSION _b10 _c20130109 _lUCH01 _h1330 |
||
| 650 | 1 | 4 |
_aEmpresas agropecuarias. _936649 |
| 830 | 0 |
_aUSDA. Boletín de Agricultura _v; 2178 _9117042 |
|
| 901 | _aBK | ||
| 942 | _cFOLL | ||
| 949 |
_aFolleto 79 _bBC _cFOLL _d-130791 _eTS1 _i60773 _si |
||
| 949 |
_aFolleto 79 _bBC _cFOLL _d607732 _eTS2 _fc.2 _i60773 _si |
||
| 999 |
_c55648 _d55648 |
||